000 00332 a2200157 4500
001 68290
020 _a9783852721613
040 _cAnchieta - Pituba
100 _aCampbell, Robert
240 1 0 _aNext door
_leng
245 1 0 _aNext door
300 _a84
362 0 _a2010
650 4 _aLiteratura juvenil em inglês
942 _cBK
999 _c68290
_d68290